000 00470nam a2200181Ia 4500
001 9350
005 20260306161712.0
008 260306t2005||||xx |||||||||||||| ||spa||
041 _aESP
082 _a378.121
_bV66
100 _aVillar Angulo, Luis Miguel (Coord.)
_eAUT
245 0 _aPrograma para la mejora de la docencia universitaria
260 _c2005
300 _aviii, 601 páginas :
_c24 cm.
650 _aGEN
654 _aCHU
942 _cLIB
_dJUS
_fJUS
_2ddc
_n
999 _c9350
_d9350